| 000 | 00645nam a22002177a 4500 | ||
|---|---|---|---|
| 005 | 20221121095500.0 | ||
| 008 | 221109b ||||| |||| 00| 0 eng d | ||
| 040 | _cAL | ||
| 041 | _aeng | ||
| 082 |
_223 _a328.542 _bLOKL |
||
| 100 |
_aLok Sabha Secretariat _962847 |
||
| 100 | _962843 | ||
| 245 |
_aLok sabha debates: _bThird session: Tenth lok sabha Vol 8 No 8 |
||
| 260 |
_aNew Delhi _bLok Sabha Secretariat _c1992 |
||
| 300 |
_av,1240p. _bHB _c23x15cm. |
||
| 365 | _2Political Science | ||
| 440 |
_961548 _nVol 8 No 8 _aTenth series |
||
| 650 |
_aDebates Parliament _961549 |
||
| 700 |
_aLOK SABHA SECRETARIAT _961550 |
||
| 942 |
_2ddc _cGF |
||
| 999 |
_c225232 _d225232 |
||